000 00754nam a2200289Ia 4500
001 14673
005 20240113235547.0
007 ta
008 051126s1960 a g b000 u 465 u
040 _aCotton College,Assam
041 _a465
082 _a512.82
_bC 473 C
100 _a`Churchill, Ruel V..
245 0 _aComplex Variables and Applications /
_cRuel V.Churchill.
_hTextual Documents
250 _a2nd ed. /
260 _aNew York :
_bMcGraw - Hill book company ,
_cc1960.
300 _aV,297p. :
_bill ;
_c22cm .
504 _aIndex
653 _aComplex Variables
653 _aG-Mathematics
942 _2ddc
_cBK
999 _c14659
_d14659